[Event "FRA-chT Top 12"]
[Site "Mulhouse"]
[Date "2011.06.04"]
[Round "10.3"]
[White "Naiditsch, Arkadij"]
[Black "Edouard, Romain"]
[Result "1/2-1/2"]
[WhiteElo "2716"]
[BlackElo "2602"]
[Annotator "Edouard,R"]
[PlyCount "88"]
[EventDate "2011.05.26"]
[EventType "team-tourn"]
[EventRounds "11"]
[EventCountry "FRA"]
[SourceTitle "CBM 142 Extra"]
[Source "ChessBase"]
[SourceDate "2011.06.27"]
[SourceVersion "1"]
[SourceVersionDate "2011.06.27"]
[SourceQuality "1"]
[WhiteTeam "Marseille Echecs"]
[BlackTeam "Chalonnais Echiquier"]
[WhiteTeamCountry "FRA"]
[BlackTeamCountry "FRA"]

1. e4 e6 {My second French! This time with a better result!} 2. d4 d5 3. Nd2
Be7 4. Bd3 c5 5. dxc5 Nf6 6. exd5 {A side line, which is not very promising
for White.} Qxd5 7. Ngf3 Nbd7 8. b4 a5 9. Bc4 Qh5 10. c3 Nd5 11. Bxd5 (11. Qb3
{is bad because of} Nxc3 $1 $15) 11... Qxd5 12. a4 $146 (12. Bb2 axb4 13. cxb4
Rxa2 14. Rxa2 Qxa2 {is the theory, with a level position.}) 12... b6 13. O-O $6
{Strategically a good move order, as there are some more urgent things to do
than putting the bishop on b2, but tactically refuted: ok, I didn't see it,
anyway!} (13. Bb2 bxc5 14. b5 Nb6 15. O-O O-O 16. Qc2 Rd8 {and Black is fine.})
13... bxc5 $6 (13... axb4 14. cxb4 Ba6 $1 {was the reason why 13.0-0 was not
good. Indeed White cannot allow ...bxc5 if b5 is impossible and he has to sac
an exchange. Somehow, strangely, it works so well that Black is better.} 15. c6
(15. Re1 bxc5 16. bxc5 Nxc5 $15) (15. b5 Bxb5 16. axb5 Rxa1 17. c6 Nc5 $19)
15... Nf6 $1 16. Re1 Bxb4 17. Rb1 Ba5 $15) 14. b5 Bb7 15. c4 $6 {Too early. It
was important to put White's queen on the best square first, and possibly to
keep very temporarily the c4-square for the knight (in order to force ...Nb6,
so that Black's knight doesn't move to e5 soon).} (15. Qe2 Nb6 16. c4 {and}) (
15. Re1 O-O 16. Qc2 {would have been two better tries.}) 15... Qf5 16. Bb2 O-O
17. Qb1 Qxb1 18. Rfxb1 Rfd8 $6 {This logical move is refuted!} (18... f6 {
was necessary. The position is about equal.}) 19. Kf1 $6 (19. Bc3 $1 {was very
strong:} Bxf3 (19... Nb6 20. Ne5 $1 $14) 20. Nxf3 Nb6 21. Ne5 Bf6 22. Rc1 Bxe5
23. Bxe5 $14) 19... Nb6 20. Ke2 (20. Rc1 f6 $36) 20... f6 {Now I start to take
the initiative!} 21. Bc3 e5 22. Rd1 Bc8 $1 23. Nb3 $8 Nxc4 $1 (23... Rxd1 24.
Kxd1 Bg4 (24... Nxc4 $6 25. Nfd2 {is rather good for White, as all Black's
pawns are weak.}) 25. Kc2 Bf5+ 26. Kd1 Bg4 {is a draw.}) 24. Rxd8+ Bxd8 25.
Nxc5 (25. Nfd2 $5 Nxd2 26. Bxd2 c4 27. Nc5 Bb6 28. Be3 {and White should hold
a draw thanks to his passed pawn on b5.}) 25... Bb6 26. Nb3 Be6 27. Nfd2 $6 {
Too early. This move makes Black's task very easy. At this moment all our
opponents were under high pressure: they had to draw the match otherwise they
would not be able to play for the title on round 11. However it was already
1-0 for us, and we had a completely won position, one slightly worse, plus my
game.} (27. Rc1 Rc8 28. Be1 {would have been a better try. I believe White
should hold.}) 27... Nxd2 28. Nxd2 Rc8 29. Rc1 $2 (29. Ra3 $8 {I guess my
opponent wanted to avoid a draw due to the match situation.} Kf7 $15 (29... Bc5
30. Ra1 Bb6 $11)) 29... Bd4 30. Nb1 (30. Ne4 Bd5 31. Kd3 Bxe4+ 32. Kxe4 Rxc3
33. Rxc3 Bxc3 34. b6 Bd4 35. b7 Ba7 36. Kd5 Kf7 37. Kd6 Ke8 38. Kc7 Ke7 $19)
30... Bb3 $5 (30... Rc4 $19) 31. Kd2 Bxf2 $1 {Ok, exclamation mark, but I was
lacking time and missed why the move is so good! Actually, I saw the line I
played, which is minimum draw, and I thought it is enough to ensure winning
the match.} (31... Bb6 {should be winning easily, however...}) 32. Bxa5 Be3+
33. Kxe3 Rxc1 34. Nc3 Rxc3+ {I played this move instantly, thinking I should
be winning another way, but not such a clear way. I completely missed 34...
Bxa4. I actually believed I had winning chances in the endgame and immediatly
realised my opponent had time for g3 and h4, after which it's a dead draw. A
few seconds after I took on c3, my totally winning teammate gave a piece in
one move! However he eventually drew, we lost the worse position, and drew the
match...} (34... Bxa4 {just wins everything:} 35. Nxa4 (35. b6 Bc6 $19) 35...
Ra1 36. b6 Rxa4 37. b7 Ra3+ 38. Ke4 Rb3 $19) 35. Bxc3 Bxa4 36. b6 Bc6 37. g3
Kf7 38. h4 Ke6 39. Bb4 Kf5 40. Bf8 g5 41. hxg5 Kxg5 42. Be7 h5 43. Bd8 Kf5 44.
Be7 Ke6 1/2-1/2

[Event "Nancy"]
[Site "Nancy"]
[Date "2005.02.19"]
[Round "8"]
[White "Nijboer, Friso"]
[Black "Rocha, Sergio MC"]
[Result "1-0"]
[WhiteElo "2549"]
[BlackElo "2400"]
[Annotator "Erenburg,S"]
[PlyCount "47"]
[EventDate "2005.02.14"]
[EventType "tourn"]
[EventRounds "9"]
[EventCountry "FRA"]
[EventCategory "10"]
[SourceTitle "CBM 106"]
[Source "ChessBase"]
[SourceDate "2005.06.06"]
[SourceVersion "1"]
[SourceVersionDate "2005.06.06"]
[SourceQuality "1"]

1. e4 e6 2. d4 d5 3. Nd2 Be7 4. e5 b6 {Black's idea is to change the
light-squared bishops on a6. This continuation is rare in comparison to} (4...
c5) 5. c3 {strengthening the centre, as well as preventing from black to
change the bishops on a6.} ({Another possibility is} 5. Qg4 g6 6. Bb5+ c6 7.
Ba4 Ba6 8. c3 h5 9. Qd1 Nh6 10. Ne2 Qc7 11. O-O Nd7 12. Re1 c5 13. Nf3 Nf5 14.
Ng3 Nh4 15. Ng5 Kf8 16. Qd2 Rc8 17. Qf4 Nf5 18. Nxf5 gxf5 19. Bd2 h4 20. Rac1
Kg7 21. Qf3 Nf8 22. a3 Ng6 23. Bb3 Qd8 24. Nh3 Rc7 25. Nf4 {1/2-1/2 Sulypa,
A-Kononenko,T/Alushta 2000/CBM 075 ext (25)}) 5... Qd7 {covering the a4-e8
diagonal, thus, making possible a development of light-squared bishop to a6.} (
{Of course not} 5... Ba6 $4 6. Bxa6 Nxa6 7. Qa4+ $18) 6. Nh3 $146 {Basically,
white cannot prevent a trade of light-squared bishops. Black's position will
become very good from strategical point of view, as he will not have any
bad-located piece on the board... Therefore, white is willing to develop the
initiative on the kingside. The move in the game is a novelty. In the
preceding games white has tried the following attempts to develop an
initiative:} (6. Ndf3 Ba6 7. Ne2 h5 8. h4 Nh6 9. Rh3 Nf5 10. Ng3 Nxg3 11. Rxg3
Bxf1 12. Kxf1 g6 13. a4 Nc6 14. Ng5 Bf8 15. Rf3 Nd8 16. Nh3 c5 17. Bg5 Be7 18.
Bxe7 Qxe7 19. Ng5 Rc8 20. Kg1 Rc7 21. Qd2 O-O 22. Rf6 $14 {1-0 Bojkovic,
S-Davcevski,D/Bjelovar 1979/EXT 2000 (35)}) (6. h4 Ba6 7. Qg4 Kf8 8. Ndf3 h5 9.
Qh3 Bxf1 10. Kxf1 Qb5+ 11. Ne2 Nh6 12. Bxh6 Rxh6 {1/2-1/2 Schlaeger,U-Hartmann,
W/Germany 1989/GER-chT2 (12)}) (6. f4 h5 7. Ndf3 Ba6 8. Ne2 Nh6 9. a4 Nc6 10.
b4 Bc4 11. Ba3 Nf5 12. Qd2 g6 13. Ng3 Bxf1 14. Nxf1 Nd8 15. Qc2 Nb7 16. Kf2 c5
17. Ne3 Nh6 18. Qb3 Rc8 19. Rac1 O-O 20. Rhd1 c4 21. Qc2 a5 $13 {1/2-1/2 Zuber,
M-Denoth,M/Bern 1996/CBM 051 ext (29)}) (6. Qg4 g6 7. h4 h5 8. Qg3 Ba6 9. Ngf3
Bxf1 10. Nxf1 Nc6 11. Ne3 Nh6 12. O-O O-O-O 13. b4 Rdg8 14. a4 Qd8 15. Ng5 Bxg5
16. hxg5 h4 17. Qh3 Qxg5 18. b5 Na5 19. Nxd5 Qd8 20. Nf6 $18 {0-1 Vujovic,
M-Messa,R/Venice 1980/EXT 99 (48)}) 6... Ba6 7. Bxa6 {winning some tempos.}
Nxa6 8. Qe2 Nb8 (8... Qa4 {seems too strange...} 9. O-O c5 10. b3 Qa5 11. Nf3
$32 {[%cal Yc1d2]}) 9. O-O {White doesn't define his plan of developing
initiative on the kingside, but first he completes the development.} (9. Qg4 g6
) (9. Nf4 g6 10. Nf3 h5 11. Be3 Nh6) 9... h5 {covering the g4 square, and,
preparing to develop the kingside knight via h6. Here are the possible
alternatives:} (9... c5 10. dxc5 bxc5 11. c4 Nc6 12. Nf3 {[%cal Yf1d1,Yh3f4]}
d4 13. Nf4 $14 {[%cal Yf4d3]}) (9... Nh6 10. Nb3 Nf5 11. Bg5 $5 $14 {[%cal
Yg2g4,Yf2f5,Yf2f4]}) 10. b4 {occupying some space on the queenside.} Nc6 ({
It isn't recommendable to open up the game for black at the moment:} 10... c5
11. bxc5 bxc5 12. Ba3 $5 cxd4 13. Bxe7 Nxe7 14. cxd4 Nbc6 15. Nb3 Nf5 16. Rfd1
$14 {and black has some problems with his monarch...}) 11. Nb3 a5 {trying to
create some white's weakness on the queenside.} (11... g6 12. Bg5 $16) 12. b5
Na7 13. a4 g6 {protecting h5 pawn, thus, preparing to develop the knight to h6.
} ({Worth consideration:} 13... c6 {, opening the "c" file for the heavy
pieces.} 14. bxc6 Qxc6 15. Qf3 Rc8 16. Bd2 g6 {[%cal Yg8h6]} 17. Nf4 Nh6 18.
Rfb1 Nf5 19. Nc1 Rc7 $13) 14. Rb1 ({I would consider} 14. Bg5 {, which is
typical decision in such type of positions. White changes the dark-squared
bishops, afterware, tries to use the weaknesses of dark squares in the black
camp.}) 14... Nh6 (14... c6 {- see 13...c6.}) 15. Bxh6 Rxh6 16. Qf3 $1 {
[%cal Yc3c4] preparing to open up the game with c3-c4.} c6 (16... Rd8 17. Rfc1
c6 (17... Kf8 18. c4 $16) 18. bxc6 Qxc6 19. Nd2 $14) 17. c4 $5 {White opens up
the game, hoping to use a bad location of black's monarch and kingside rook.} (
17. bxc6 Qxc6 18. Nd2 $14) 17... dxc4 18. Nxa5 $1 bxa5 ({Worse is} 18... Qd5
19. Nxc6 (19. Qe3 g5 (19... Rh8 20. Nf4 $18 {[%cal Ya5c4]}) 20. Nxc6 Nxc6 21.
bxc6 Qxc6 22. Ra1 Rg6 $11) 19... Qxf3 20. gxf3 {[%cal Yf1c1]} Ba3 21. Ng5 $16 {
[%cal Yg5e4]}) 19. b6 Kf8 20. bxa7 Kg7 (20... Rxa7 21. Qe3 (21. Rfc1 Qxd4)
21... Kg7 22. Rfc1 Rh8 23. Rxc4 Rd8 $14 {/=}) 21. Rfc1 Qxd4 $4 {Probably,
black missed white's tactical resources...} ({Much better was} 21... Rxa7 22.
Rxc4 Rh8 $14) 22. Rb7 $1 $18 Rxa7 {Other moves don't make black's life easier:}
(22... Qh4 23. Qxc6 $18 {[%cal Gc1c4,Gc6d7]}) (22... Qd8 23. Ng5 Qf8 24. Nxe6+
fxe6 25. Qxf8+ Kxf8 26. Rb8+ $18) {[%tqu "En","Please find the best move for
white.","","","h3g5","",10]} 23. Ng5 $3 {After this move black collapses!} Qd2
(23... Bxg5 24. Qxf7+ Kh8 25. Qf8#) 24. Qxf7+ (24. Qxf7+ Kh8 25. Rb8+ Qd8 26.
Rxd8+ Bxd8 27. Qf8#) 1-0

[Event "London Classic"]
[Site "London"]
[Date "2009.12.09"]
[Round "2"]
[White "Adams, Michael"]
[Black "Nakamura, Hikaru"]
[Result "1/2-1/2"]
[WhiteElo "2698"]
[BlackElo "2715"]
[Annotator "Erenburg,S"]
[PlyCount "120"]
[EventDate "2009.12.08"]
[EventType "tourn"]
[EventRounds "7"]
[EventCountry "ENG"]
[EventCategory "18"]
[SourceTitle "CBM 134"]
[Source "ChessBase"]
[SourceDate "2010.01.18"]
[SourceVersion "1"]
[SourceVersionDate "2010.01.18"]
[SourceQuality "1"]

1. e4 e6 2. d4 d5 3. Nd2 Be7 4. Ngf3 Nf6 5. e5 Nfd7 6. Bd3 c5 7. c3 b6 {
Intending to trade the light-squared bishops.} ({The more principled line is} 
7... Nc6 8. O-O g5 {, which was played by GM Nakamura against GM Howell.}) 8.
Qe2 a5 9. a4 {Fixing Black's pawn structure on the queenside.} Ba6 10. Bxa6 $1
{White does not only prevent Black's queen from occupying the a6-square in the
near future, but also drives Back's queenside knight to an awkward position.} (
{In the preceding game White tried} 10. Bb5 Qc8 11. c4 Bb7 $6 (11... O-O {
seems more to the point. Black has nothing to worry about:} 12. cxd5 exd5 13.
O-O ({Now} 13. e6 {is not that dangerous:} Nf6 14. exf7+ Rxf7 $11) 13... Nc6
$11) 12. dxc5 O-O (12... bxc5 13. cxd5 Bxd5 (13... exd5 {is met by} 14. e6) 14.
O-O O-O 15. Nc4 $14) (12... Bxc5 13. O-O O-O 14. cxd5 Bxd5 15. Ne4 $14) 13.
cxb6 Nxb6 14. b3 N8d7 15. O-O Qc7 16. Bb2 dxc4 17. bxc4 Nc5 18. Nd4 Rfd8 19.
N2b3 Nbd7 20. Rad1 Bf8 21. Qe3 g6 22. h3 Be7 23. Qc1 Nxb3 24. Nxb3 Nc5 25.
Rxd8+ Bxd8 26. Nxc5 Qxc5 27. Ba3 Qd4 28. Rd1 Qf4 29. Rd7 Be4 30. Rd4 {1-0
Fedorchuk,S (2603)-Burlai,O (2346)/Evpatoria 2007/CBM 118 ext}) 10... Nxa6 11.
O-O Qc8 {A novelty, which does not seem to be very crucial for this variation.}
(11... cxd4 {is bad because of} 12. Nxd4 $1 (12. cxd4 {allows Black to occupy
some important spots on the queenside.} Nb4) 12... Qc8 13. Qg4 $36 {[%cal
Yd2f3]}) ({Adams has already played this position, and his previous opponent
preferred} 11... Nc7 12. Re1 Nb8 {[%cal Yb8c6]} 13. Nb3 $5 {provoking the
c5-c4 advance, which will release the pressure from White's centre.} (13. Nf1
Nc6 14. Ng3 h5 {seems OK for Black.}) 13... Nc6 14. Be3 c4 ({Of course, after} 
14... cxd4 {White takes with the knight:} 15. Nbxd4) 15. Nc1 b5 $6 (15... Qb8
$1 {was better according to Caruana.}) 16. axb5 Nxb5 17. Qc2 Nba7 $1 18. g3 Nc8
19. h4 h6 20. Ne2 Nb6 21. h5 $14 {0-1 Adams,M (2734)-Caruana,F (2640)/Dresden
2008/CBM 128/[Caruana] (65)}) 12. Re1 Nc7 13. Nf1 Qa6 {It took Black four
moves to bring the queen to this position- the fact that emphasises the
quality of Adams' novelty.} 14. Qe3 O-O ({In positions with French type of
pawn structure, it is often the case that Black castles long. However, in this
particular position, Black's queenside is vulnerable and there are too many
targets on the kingside as well.} 14... O-O-O 15. Qf4 $16 {[%cal Yc1d2,Yb2b4]})
(14... Nb8 {was an interesting alternative. Black's idea is revealed if White
plays} 15. Ng3 h5 {, but, White's initiative on the kingside seems promising
after} 16. Qf4 $36 {[%cal Yf3g5]}) 15. Ng3 {[%csl Gc1,Ge3,Gf3,Gg3,Rg8][%cal
Yg3h5] Black's position becomes increasingly dangerous: White is ready to
tackle the residency of black's monarch with no less than four pieces, whereas,
Black does not have too many defenders there.} f5 16. exf6 Nxf6 ({Of course,
Black would prefer not to give up on the e5 stronghold, but, it seems that he
did not have much choice:} 16... gxf6 $2 {is just bad in view of} 17. Nf5 Bd8
18. Nh6+ Kh8 19. Qf4 $18) 17. Qg5 $1 {Preparing to develop the dark-squared
bishop to f4.} Bd6 18. Bf4 Bxf4 ({Unfortunately for the American grandmaster,} 
18... h6 19. Qh4 g5 {is refuted by the following:} 20. Nxg5 Bxf4 21. Qxf4 Nfe8
22. Qe5 hxg5 23. Qxg5+ Ng7 24. Nh5 Rf7 25. Nf6+ Rxf6 (25... Kf8 26. Nh7+ Kg8
27. Qg6 $18 {[%cal Yh7g5]}) 26. Qxf6 $16) 19. Qxf4 Rac8 20. Qg5 cxd4 21. Nxd4
$14 {White is slightly better thanks tohis superior pawn structure, which
enables him to occupy the important d4 and e5 strongholds.} Rce8 22. Nh5 {
As a rule of thumb, I would recommend not to trade the pieces for the side who
possesses the space advantage. But, Adams noticed that black's kingside knight
is the most active piece of his opponent, which makes a good case for his
choice.} (22. h3 $5 {was a respectable alternative.}) 22... Nxh5 23. Qxh5 Qc8 {
Bringing the queen to the centre.} 24. Re5 ({It seemed to me that} 24. Qg4 {
was more troublesome for Black. However, the engine has found a precise way to
solve Black's problems:} Na6 $3 ({The idea of the 24.Qg4 is illustrated by the
following variation:} 24... Rf6 25. Re5 {and now it is not easy for Black to
transfer the knight to c5:} Na6 26. f4 $1 Nc5 27. f5 $16 Qc7 (27... exf5 $2 28.
Nxf5 $18) 28. Qe2 $1 ({But not} 28. Rae1 Ref8 29. h3 (29. fxe6 $4 Qxe5) 29...
Nd3 30. Nxe6 Qe7 31. R5e2 Nxe1 32. Nxf8 Qxf8 33. Rxe1 Rxf5 $11) 28... Ref8 29.
Nxe6 Nxe6 30. fxe6 Qc5+ (30... Rf2 31. Qe3 $18) 31. Qe3 $16) 25. Nxe6 Re7 26.
f4 Nc5 27. f5 Nxe6 28. Rxe6 Rxe6 29. fxe6 Qc5+ 30. Qd4 Qxd4+ 31. cxd4 Rf4 $11)
24... Na6 {Transferring the knight to c5.} 25. Rae1 Nc5 26. Qd1 {Both
protecting the a4-pawn and covering the d3-square.} Rf6 27. f3 {Covering the
e4-square.} Qd7 28. b3 Qd6 29. Nb5 Qf8 $5 {This seems like a blunder, but,
Nakamura is not that simple...} ({Anybody else would prefer the simpler} 29...
Qc6 $14) 30. Nc7 ({Objectively,} 30. Kh1 $14 {is safer and probably better.})
30... Re7 31. Nxd5 Rd7 {That's the point! Now White's knight is trapped.} 32.
b4 {White should have seen this move when he played 30.Nc7.} axb4 $2 ({It was
stronger to keep the pair of pawns on the board:} 32... Rd8 $1 33. Nxf6+ gxf6
34. Qc2 fxe5 35. bxc5 Qxc5+ 36. Kf1 Qc4+ {and Black's activity compensates for
his inferior pawn structure.}) (32... Rff7 33. Rxe6 (33. Qd4 Rxd5 34. Rxd5 exd5
35. bxc5 Qxc5 $11) 33... Nxe6 34. Rxe6 axb4 35. cxb4 $14) 33. cxb4 Rd8 {
Covering the last rank.} (33... Rff7 34. Qd4 $1 (34. Rxe6 {-see 32...Rff7})
34... Rf5 (34... exd5 $2 35. Re8) 35. Rxf5 Qxf5 36. bxc5 Rxd5 37. Qh4 Rxc5 (
37... bxc5 38. a5 $16) 38. Qd8+ $16) (33... Rxd5 $2 34. Rxd5 exd5 35. Qxd5+ Kh8
36. bxc5 bxc5 37. Qd7 $18) 34. Nxf6+ gxf6 35. Qc2 fxe5 (35... Nd3 {loses on
the spot after} 36. Rh5 Qf7 37. Rd1 $18) 36. bxc5 Qxc5+ 37. Qxc5 bxc5 38. Rxe5
Ra8 39. Rxe6 (39. Rxc5 {promised good winning chances as well:} Rxa4 40. Rc7)
39... Rxa4 40. Rc6 ({There was nothig wrong with the immediate activation of
the king,} 40. Kf2 {which would prepare the advance of the pawns:} Kf7 (40...
Rc4 {enables} 41. g4 {[%cal Yf2g3]}) (40... h5 41. Re5 h4 42. g4 {seems to be
winning for White. For example,} Ra2+ 43. Ke3 c4 44. h3 Rh2 45. Rc5 Rxh3 46.
Rxc4 $18) 41. Rc6 Rc4 (41... Ra2+ 42. Kg3 Rc2 43. h4 $18) 42. g4 $18) ({
I haven't found a way for Black to achieve a draw after} 40. Re7 {as well.} h5
(40... Ra2 41. Rc7 Rc2 42. h4 $18 h6 43. h5 (43. g4 Kh8 44. g5 Rc4 $11) 43...
Kh8 44. Kh2 Kg8 45. Kh3 $18) 41. Rc7 $1 (41. Re5 $6 h4 42. Re4 (42. Rxc5 Ra1+
43. Kf2 Ra2+ $11) (42. h3 Rc4 43. Rg5+ Kf7 44. Rg4 Rb4 45. f4 c4 46. Rxh4 Ke6
47. Rh5 Kd6 $1 48. Rh8 Kd7 $1 49. Kf2 c3 50. Ke2 (50. Ke3 $4 Rc4 $19) 50... Rd4
$11) 42... Ra1+ (42... Rxe4 $4 43. fxe4 Kf7 44. Kf2 Kf6 45. Ke3 Ke5 46. g4 hxg3
47. hxg3 c4 48. g4 c3 49. g5 $18 {and White is just in time to have two passed
pawns.}) 43. Kf2 Ra2+ 44. Re2 {[%cal Ye2c2]} Ra3 $1 45. Rc2 Kg7 $1 46. g3 hxg3+
47. hxg3 Ra5 {with drawish tendencies.}) 41... Rc4 (41... Ra1+ 42. Kf2 h4 43.
f4 $1 (43. g4 Ra2+ 44. Kg1 Rc2) 43... Ra2+ 44. Kf3 Rc2 (44... h3 45. g4 Rxh2
46. Rxc5 Ra2 47. Kg3 $18) 45. f5 c4 46. g4 $18) (41... h4 42. g4 $1 hxg3 43.
hxg3 $18 {[%cal Yg1g2,Yg2h3]}) 42. h4 $1 Kh8 (42... Rxh4 43. Rxc5 $18 {[%cal
Yg2g3]}) 43. Kf2 Rc2+ 44. Kg3 Rc4 45. Re7 $18 {[%cal Ye7e5]}) 40... Rc4 41. Kf2
(41. g4 {is now met by} Rc2) (41. Rc7 $1 {leads to similar variations to those
provided for 40.Re7.}) 41... h5 $1 {Now White's pawns cannot advance easily.} (
41... Kg7 42. g4 $18) 42. Kg3 $2 {Apparently, this natural moves allows Black
to survive. With the series of precise moves Nakamura achieves the draw.} (42.
h4 Rc2+ 43. Ke3 (43. Kg3 Rc4) 43... Rxg2 {leads to the theoretical RR endgame,
which is supposed to be drawish with precise play by Black.}) ({Again White
should have cut Black's king off along the 7th rank:} 42. Rc7 $1 Rc2+ (42... h4
43. g4 $1 {[%cal Yf2g2,Yg2h3]} Rc2+ 44. Ke3 h3 (44... Rxh2 45. Rxc5 $18 {
[%cal Yc5h5]}) 45. Kf4 $18) 43. Kg3 h4+ 44. Kh3 $18) 42... Kg7 $1 {Black's
h-pawn can no longer be easily grabbed, and White is stuck on the kingside.}
43. Rd6 $6 (43. h4 {doesn't really matter:} Kh7 {and there is no obvious plan
for White to make any progress.} 44. Kh3 Rc3 $11) (43. f4 Rc2 44. h3 Kh7 45.
Kf3 (45. Kh4 Rxg2 $11) 45... Rc3+ $11) ({Apparently, the last chance to win
the game was} 43. Re6 h4+ 44. Kf2 Rc2+ 45. Re2 {That's the difference!} Rc3 46.
g3 (46. h3 Kf6 47. Re4 Rc2+ 48. Kg1 Rc1+ 49. Kh2 Kg5 $11) 46... hxg3+ 47. hxg3
Kf6 48. g4 {with winning chances.}) 43... h4+ $1 44. Kh3 Rf4 $1 $11 {Now White
has to bring the rook back to the third rank to start pushing pawns, which
gives Black valuable time to activate the king.} 45. Ra6 c4 {The same setup
works with the pawns on the fourth rank!} 46. Ra3 Kf6 47. g3 ({Unfortunately
for White,} 47. Rc3 {still leads to a draw, even though it prevents the
transfer of the black's rook to c5:} Ke5 48. g3 hxg3 49. hxg3 Rd4 (49... Kd4 $4
50. Rxc4+) 50. f4+ Kd5 51. Kg4 Rd3 52. Rc1 c3 53. f5 Rd4+ 54. Kg5 Rc4 $11)
47... hxg3 48. hxg3 Rf5 $1 {Bringing the rook behind his c-pawn.} 49. Rc3 Rc5
50. Kg4 Ke5 51. f4+ Ke4 52. f5 Rc8 53. f6 Ke5 54. f7 Kf6 55. Kf4 Kxf7 56. Ke4
Kg6 57. Kd4 Kg5 58. Rxc4 Rxc4+ 59. Kxc4 Kg4 60. Kd4 Kxg3 1/2-1/2